000 00994nam0a22002651 4500
001 rc\2560826
005 20250623104730.0
035 _a(NLR Aleph) 006725749
090 _a5491235
_c5491235
100 _a20110914d1927 |||y0rusy50 ca
101 0 _arus
102 _aRU
105 _aa z |||||
200 1 _aБоевая подготовка взвода танков
_e(Выдержки)
_eС 16 схем. и 3 фигурами
_fПер. с фр. Брагинского
_gПод ред. К. Калиновского
210 _aМосква
_aЛенинград
_cГос. изд-во. Отд. воен. литературы
_d1927
_eМосква
_gтип. "Красный пролетарий"
215 _a39 с.
_cсхем.
_d23х15 см.
700 1 _aВиоле
702 1 _aКалиновский
_bК.
_4340
702 1 _aБрагинский
_4730
801 0 _aRU
_bNLR
_gpsbo
801 1 _aRU
_bELAR
_2rusmarc
852 _aNLR
_j40/3934
942 _cBOOK
980 _aNB